Bài giảng thiết bị dạy học học tiểu học
保存先:
| フォーマット: | 図書 |
|---|---|
| 出版事項: |
Đồng Tháp
2014
|
| 主題: | |
| タグ: |
タグ追加
タグなし, このレコードへの初めてのタグを付けませんか!
|
| Thư viện lưu trữ: | Trung tâm Học liệu Lê Vũ Hùng, Trường Đại học Đồng Tháp |
|---|
| LEADER | 00656pam a22002298a 4500 | ||
|---|---|---|---|
| 001 | 00039648 | ||
| 005 | 20171026081025.0 | ||
| 008 | 170520s2014 ||||||Viesd | ||
| 041 | 0 | # | |a Vie |
| 082 | 1 | 4 | |a 372.21 |b B103GI |
| 245 | 1 | 0 | |a Bài giảng thiết bị dạy học học tiểu học |
| 260 | # | # | |a Đồng Tháp |c 2014 |
| 300 | # | # | |c 27 cm |a 5tr. |
| 653 | # | # | |a Bài giảng |
| 653 | # | # | |a tiểu học |
| 653 | # | # | |a thiết bị dạy học |
| 852 | # | # | |b Kho đọc |j KD.0020940 |
| 852 | # | # | |j KD.0020940 |
| 910 | |d 20/05/2017 | ||
| 980 | # | # | |a Trung tâm Học liệu Lê Vũ Hùng, Trường Đại học Đồng Tháp |